Statistics for NFL Best Player By Position 2021-2022

Click here to take the quiz!

General Stats

  • This quiz has been taken 99 times
  • The average score is 6 of 13

Answer Stats

PositionPlayerPFF Grade% Correct
WRCooper Kupp93.0
79%
HBJonathan Taylor87.0
78%
DTAaron Donald93.5
74%
TEMark Andrews91.5
70%
CBJalen Ramsey84.4
69%
QBJoe Burrow91.8
67%
OTTrent Williams96.6
57%
DEMyles Garrett92.0
42%
FBPatrick Ricard73.9
34%
CCreed Humphrey91.8
24%
LBMicah Parsons89.7
22%
OGJoel Bitonio93.6
17%
SKevin Byard90.4
17%

Score Distribution

Percentile by Number Answered

Percent of People with Each Score

Your Score History

You have not taken this quiz